Stemmi Squadre di calcio dal dettaglio - Spagna - Quiz n°3 - Statistics

Statistiche generali
  • Questo quiz è stato fatto 19 volte
  • Il punteggio medio è 7 su 10
Statistiche sulle risposte
con Immagini Risposta % Corretto
Villarreal
100%
Osasuna
88%
Real Valladolid
82%
Barcellona
76%
Alavés
71%
Siviglia
71%
Rayo Vallecano
65%
Deportivo La Coruña
59%
Elche
59%
Maiorca
41%
Nessun quiz corrispondente trovato
Distribuzione punteggi
Percentuale di utenti per punteggio
Percentile per numero di risposta
I tuoi punteggi nel tempo
Non hai fatto questo quiz